000 00454nam a2200157 4500
001 127987
003 ES-MaACL
005 20230906193132.0
007 t|
008 070214s1970 sp r ||||1| spa d
100 1 _aRíos González, José Antonio.
_997383
245 1 0 _aPerspectivas para matrimonios /
_cJosé Antonio Ríos González.
260 _aBilbao :
_bMensajero,
_c1970.
300 _a157 p. ;
_c19 cm.
852 _aES-MaACL
_jC-47059
_bR.75922
999 _c127987
_d127987